000 00443nam a2200181Ia 4500
005 20250423100103.0
008 250422s9999 xx 000 0 und d
020 _a0-471-04742-2
050 _aT 58.6 .F75/
100 _aLouis Fried
245 0 _aManaging Information Technology in Turbulent Times
260 _aNew York
260 _bJohn Wiley & Sons, Inc.
260 _c1995
300 _a339 p
650 _asciences
942 _cBK
999 _c32244
_d32244